000 00954nam a2200241Ia 4500
001 9880
003 GE_BSU
008 181216s||||||||xx |||||||||||||| ||und||
040 _cGE_BSU
080 _a821.353.1-391
100 _aორბელიანი,სულხან-საბა
245 _aსიბრძე სიცრუისა
245 _bრჩეული:იგავ-არაკები
245 _cშმდგ:ზ.ჭუმბურიძე;ლ.მენაბდის წინასიტყვაობით და რედაქციით.
260 _aთბილისი.
260 _bთბილისის უნ-ტის გამ-ბა.
260 _c1986.
300 _a206გვ;20სმ.
300 _bლექსიკონი:გვ.181-205.
653 _aრჩეული:იგავ-არაკები
653 _aსიბრძე სიცრუისა
942 _cBK
999 _c43159
_d43159